Una boda en Brownsville / (Registro nro. 12883)

Detalles MARC
000 -LIDER
fixed length control field 00942nam a22002897a 4500
003 - IDENTIFICACDOR DE NÚMERO DE CONTROL
control field DO-SdBNP
005 - DATE AND TIME OF LATEST TRANSACTION
control field 20171130094209.0
008 - ELEMENTOS DE LONGITUD FIJA
fixed length control field 171115b 1981 sp ||||| |||| 00| 0 spa d
020 ## - ISBN
International Standard Book Number 8402079946
040 ## - FUENTE DE CATALOGACIÓN
Agencia que crea de manera original el registro BPMSU
Idioma de catalogación spa
Agencia que realiza la transcripción BPMSU
092 ## - LOCALLY ASSIGNED DEWEY DECIMAL CALL NUMBER
Número de clasificación xxxx
Número de ítem (Cutter) xxxx
100 1# - ASIENTO PRINCIPAL -- NOMBRE PERSONAL
Nombre personal Bashevis Singer, Isaac,
Fechas asociadas con el nombre 1904-
240 10 - TITULO UNIFORME
Título uniforme Short friday
Idioma de una obra Español
245 10 - MENCIÓN DE TITULO
Título Una boda en Brownsville /
Mención de responsabilidad Isaac Bashevis Singer ; traducción: Juan del Solar y Patricia Cruzalegui.
260 ## - PUBLICACIÓN, DISTRIBUCIÓN, ETC. (PIE DE IMPRENTA)
Lugar de publicación, distribución, etc Barcelona :
Nombre del editor, distribuidor, etc. Bruguera,
Fecha de publicación, distribución, etc 1981.
300 ## - DESCRIPCIÓN FÍSICA
Extensión 251 p. ;
Dimensiones 18 cm.
490 1# - MENCIÓN DE SERIES
Mención de serie Literatura Universal Bruguera
490 1# - MENCIÓN DE SERIES
Mención de serie Club Bruguera
Volume/sequential designation 75
500 ## - NOTA GENERAL
Nota general Incluye datos del autor <br/>
700 12 - ASIENTO SECUNDARIO -- NOMBRE PERSONAL
Nombre personal Solar, Juan del,
Mención de responsabilidad tr.
700 12 - ASIENTO SECUNDARIO -- NOMBRE PERSONAL
Nombre personal Cruzalegui, Patricia,
Mención de responsabilidad tr.
830 #0 - ASIENTO SECUNDARIO DE SERIE--TÍTULO UNIFORME
Título uniforme Literatura Universal Bruguera
830 #0 - ASIENTO SECUNDARIO DE SERIE--TÍTULO UNIFORME
Título uniforme Club Bruguera
Volume number/sequential designation 75
942 ## - ADDED ENTRY ELEMENTS (KOHA)
Source of classification or shelving scheme Dewey Decimal Classification
Koha item type Libros
945 ## - INFORMACIÓN DE PROCESAMIENTO LOCAL
Información de procesamiento local Inventariado extranjero /2017 BT
956 ## - LOCAL ELECTRONIC LOCATION AND ACCESS (OCLC)
Nombre de host LOPEREZ
Número de acceso 10
Información de compresión 20171114
Trayectoria 0041
Existencias
Withdrawn status Lost status Source of classification or shelving scheme Damaged status Not for loan Collection code Home library Current library Date acquired Total Checkouts Barcode Date last seen Price effective from Koha item type
    Dewey Decimal Classification     Colección General Biblioteca Pública Metropolitana Salomé Ureña Biblioteca Pública Metropolitana Salomé Ureña 11/15/2017   BPMSU17110190 11/15/2017 11/15/2017 Libros